Achieving successful construction projects (Record no. 115857)

MARC details
000 -LEADER
fixed length control field 00782cam a22002055a 4500
001 - CONTROL NUMBER
control field L159389
008 - FIXED-LENGTH DATA ELEMENTS--GENERAL INFORMATION
fixed length control field 170123s2015 xxk f 000 0 eng d
020 ## - INTERNATIONAL STANDARD BOOK NUMBER
International Standard Book Number 9781138821385
035 ## - SYSTEM CONTROL NUMBER
System control number (Sirsi) u159389
041 0# - LANGUAGE CODE
Language code of text/sound track or separate title eng
050 04 - LIBRARY OF CONGRESS CALL NUMBER
Classification number 692.8
100 1# - MAIN ENTRY--PERSONAL NAME
Personal name Gardner, Ian
245 00 - TITLE STATEMENT
Title Achieving successful construction projects
Remainder of title A guide for industry leaders and programme managers
260 ## - PUBLICATION, DISTRIBUTION, ETC.
Place of publication, distribution, etc. Abingdon
Name of publisher, distributor, etc. Routledge
Date of publication, distribution, etc. 2015
520 ## - SUMMARY, ETC.
Summary, etc. Looks at ways of of achieving the completion of successful construction projects. Clear communication between client and the project team, right procurement strategy and good performance management are the key factors discussed.
590 ## - LOCAL NOTE (RLIN)
Local note KA
651 #4 - SUBJECT ADDED ENTRY--GEOGRAPHIC NAME
Geographic name United Kingdom
690 ## - LOCAL SUBJECT ADDED ENTRY--TOPICAL TERM (OCLC, RLIN)
Topical term or geographic name as entry element Construction management
9 (RLIN) 6230
942 ## - ADDED ENTRY ELEMENTS (KOHA)
Suppress in OPAC 0
Source of classification or shelving scheme Dewey Decimal Classification
Holdings
Withdrawn status Lost status Source of classification or shelving scheme Damaged status Not for loan Home library Current library Shelving location Date acquired Total Checkouts Full call number Barcode Date last seen Copy number Price effective from Koha item type
    Dewey Decimal Classification     London London Books 23/01/2017   692.8 GAR 30079062 06/08/2019 1 06/08/2019 Book